000 00489pab a2200169 454500
008 180718b1996 xxu||||| |||| 00| 0 eng d
100 _aLeurs, Robert
245 _aCurrent challenges facing participatory rural appraisal
260 _c1996
300 _ap.57-72
362 _aFeb
650 _aNon governmental organizations
650 _aRural development - Citizen participation
650 _aRural development
773 _aPublic Administration and Development
909 _a31170
999 _c31170
_d31170